书目信息 |
| 书名: | Movable insulation | |
| 作者: | by William K. Langdon ; ill. by William Graham. | |
| 分册号: | ||
| 分册名: | 出版地: | Emmaus, Pa. : |
|
| 出版社: | Rodale Press | |
| 出版时间: | c1980. | |
| 页数: | xix, 379 p. : | |
| 开本: | 24 cm. | |
| 丛书名: | ||
| 中图分类号: | ||
| 科图分类号: | ||
| 其他分类号: | TU228 | |
| 主题词: | ||
| 电子资源: | ||
| 000 | 00974pam a2200289 i 450 | |
| 001 | E0761249885 | |
| 005 | 20070506170437.70 | |
| 008 | 800219s1980 paua b 001 0 eng | |
| 010 | @a80011300 | |
| 020 | @a0878572988 :@c$14.95. | |
| 020 | @a0878573100 (pbk.) :@c$8.95. | |
| 035 | @A(DLC) 80011300 | |
| 040 | @aDLC@cDLC@dDLC | |
| 050 | 00 | @aTH1715@b.L34 |
| 082 | 00 | @a693.8/32 |
| 090 | @aTU228 | |
| 099 | @dTU228@ex7 | |
| 100 | 1 | @aLangdon, William K. |
| 245 | 10 | @aMovable insulation :@ba guide to reducing heating and cooling losses through the windows in your home / @cby William K. Langdon ; ill. by William Graham. |
| 260 | @aEmmaus, Pa. :@bRodale Press,@cc1980. | |
| 300 | @axix, 379 p. :@bill. ;@c24 cm. | |
| 500 | @aIncludes index. | |
| 504 | @aBibliography: p. 352-358. | |
| 650 | 0 | @aDwellings@xInsulation. |
| 650 | 0 | @aWindows. |
| 906 | @a7@bcbc@corignew@d1@eocip@f19@gy-gencatlg | |
| 991 | @bc-GenColl@hTH1715@i.L34@p00019011215@tCopy 1@wBOOKS | |
| Movable insulation : : a guide to reducing heating and cooling losses through the windows in your home / / by William K. Langdon ; ill. by William Graham.-Emmaus, Pa. : : Rodale Press, , c1980. |
| xix, 379 p. : : ill. ; ; 24 cm. |
| Includes index.-Bibliography: p. 352-358. |
| ISBN 0878572988 :$14.95. |
| ● |
| 相关链接 |
|
|
|
|
正题名:Movable insulation
索取号:TU228/x7
 
预约/预借
| 序号 | 登录号 | 条形码 | 馆藏地/架位号 | 状态 | 备注 |
| 1 | 7502 | 300075022 | 第二样本阅览室/ [索取号:TU228/x7] | 在馆 |